<?xml version="1.0" encoding="UTF-8"?>
<record
    xmlns:xsi="http://www.w3.org/2001/XMLSchema-instance"
    xsi:schemaLocation="http://www.loc.gov/MARC21/slim http://www.loc.gov/standards/marcxml/schema/MARC21slim.xsd"
    xmlns="http://www.loc.gov/MARC21/slim">

  <leader>01337nam0a2200361 i 4500</leader>
  <controlfield tag="001">RU\NLR\BIBL_A\010359082</controlfield>
  <controlfield tag="005">20241103112555.0</controlfield>
  <datafield tag="010" ind1=" " ind2=" ">
    <subfield code="a">9785905999208</subfield>
    <subfield code="9">320</subfield>
  </datafield>
  <datafield tag="021" ind1=" " ind2=" ">
    <subfield code="a">RU</subfield>
    <subfield code="b">14-19726</subfield>
  </datafield>
  <datafield tag="035" ind1=" " ind2=" ">
    <subfield code="a">(NILC)RuMoRGB-006763345</subfield>
  </datafield>
  <datafield tag="035" ind1=" " ind2=" ">
    <subfield code="a">(NLR Aleph) 010359082</subfield>
  </datafield>
  <datafield tag="090" ind1=" " ind2=" ">
    <subfield code="a">10773144</subfield>
    <subfield code="c">10773144</subfield>
  </datafield>
  <datafield tag="100" ind1=" " ind2=" ">
    <subfield code="a">20140521d2014    k  y0rusy50      ca</subfield>
  </datafield>
  <datafield tag="101" ind1="0" ind2=" ">
    <subfield code="a">rus</subfield>
  </datafield>
  <datafield tag="102" ind1=" " ind2=" ">
    <subfield code="a">RU</subfield>
  </datafield>
  <datafield tag="105" ind1=" " ind2=" ">
    <subfield code="a">ach|z||||||||</subfield>
  </datafield>
  <datafield tag="200" ind1="1" ind2=" ">
    <subfield code="a">&#x412; &#x41C;&#x43E;&#x440;&#x448;&#x430;&#x43D;&#x441;&#x43A;&#x43E;&#x43C; &#x443;&#x435;&#x437;&#x434;&#x435;</subfield>
    <subfield code="e">&#x438;&#x441;&#x442;&#x43E;&#x440;&#x438;&#x43A;&#x43E;-&#x433;&#x435;&#x43D;&#x435;&#x430;&#x43B;&#x43E;&#x433;&#x438;&#x447;&#x435;&#x441;&#x43A;&#x438;&#x435; &#x43E;&#x447;&#x435;&#x440;&#x43A;&#x438;</subfield>
    <subfield code="f">&#x421;. &#x421;. &#x424;&#x435;&#x434;&#x43E;&#x440;&#x43E;&#x432;</subfield>
  </datafield>
  <datafield tag="210" ind1=" " ind2=" ">
    <subfield code="a">&#x41C;&#x43E;&#x441;&#x43A;&#x432;&#x430;</subfield>
    <subfield code="c">[&#x431;. &#x438;.]</subfield>
    <subfield code="d">2014</subfield>
  </datafield>
  <datafield tag="215" ind1=" " ind2=" ">
    <subfield code="a">577, [4] &#x441;.</subfield>
    <subfield code="c">&#x438;&#x43B;., &#x43F;&#x43E;&#x440;&#x442;&#x440;., &#x444;&#x430;&#x43A;&#x441;.</subfield>
    <subfield code="d">25</subfield>
  </datafield>
  <datafield tag="320" ind1=" " ind2=" ">
    <subfield code="a">&#x411;&#x438;&#x431;&#x43B;&#x438;&#x43E;&#x433;&#x440;.: &#x441;. 543-562</subfield>
  </datafield>
  <datafield tag="606" ind1=" " ind2=" ">
    <subfield code="a">&#x413;&#x435;&#x43D;&#x435;&#x430;&#x43B;&#x43E;&#x433;&#x438;&#x44F;</subfield>
    <subfield code="y">&#x420;&#x43E;&#x441;&#x441;&#x438;&#x44F;</subfield>
    <subfield code="9">1412798</subfield>
    <subfield code="3">RU\NLR\AUTH\66283800</subfield>
  </datafield>
  <datafield tag="606" ind1="1" ind2=" ">
    <subfield code="a">&#x421;&#x435;&#x43B;&#x430;</subfield>
    <subfield code="y">&#x422;&#x430;&#x43C;&#x431;&#x43E;&#x432;&#x441;&#x43A;&#x430;&#x44F; &#x43E;&#x431;&#x43B;&#x430;&#x441;&#x442;&#x44C;</subfield>
    <subfield code="9">2526056</subfield>
    <subfield code="3">RU\NLR\AUTH\661496530</subfield>
  </datafield>
  <datafield tag="675" ind1=" " ind2=" ">
    <subfield code="a">908(470.326)</subfield>
  </datafield>
  <datafield tag="686" ind1="1" ind2=" ">
    <subfield code="a">&#x422;3(2&#x420;-4&#x422;)0-211</subfield>
  </datafield>
  <datafield tag="686" ind1="1" ind2=" ">
    <subfield code="a">&#x422;214(2&#x420;-4&#x422;)</subfield>
  </datafield>
  <datafield tag="700" ind1=" " ind2="1">
    <subfield code="7">ca</subfield>
    <subfield code="8">rus</subfield>
    <subfield code="a">&#x424;&#x435;&#x434;&#x43E;&#x440;&#x43E;&#x432;</subfield>
    <subfield code="b">&#x421;. &#x421;.</subfield>
    <subfield code="c">&#x43A;&#x440;&#x430;&#x435;&#x432;&#x435;&#x434;, &#x438;&#x441;&#x442;&#x43E;&#x440;&#x438;&#x43A;</subfield>
    <subfield code="g">&#x421;&#x435;&#x440;&#x433;&#x435;&#x439; &#x421;&#x435;&#x440;&#x433;&#x435;&#x435;&#x432;&#x438;&#x447;</subfield>
    <subfield code="9">161147</subfield>
    <subfield code="3">RU\NLR\AUTH\770161189</subfield>
  </datafield>
  <datafield tag="801" ind1=" " ind2="0">
    <subfield code="a">RU</subfield>
    <subfield code="b">RuMoRKP</subfield>
    <subfield code="c">20140317</subfield>
    <subfield code="g">RCR</subfield>
  </datafield>
  <datafield tag="801" ind1=" " ind2="2">
    <subfield code="a">RU</subfield>
    <subfield code="b">&#x420;&#x413;&#x411;</subfield>
    <subfield code="c">20140404</subfield>
    <subfield code="g">rcr</subfield>
  </datafield>
  <datafield tag="942" ind1=" " ind2=" ">
    <subfield code="c">BOOK</subfield>
  </datafield>
  <datafield tag="980" ind1=" " ind2=" ">
    <subfield code="a">GENEAL02</subfield>
  </datafield>
  <datafield tag="980" ind1=" " ind2=" ">
    <subfield code="a">NBR</subfield>
  </datafield>
</record>
